| 000 | 00839nam a2200277Ia 4500 | ||
|---|---|---|---|
| 003 | GCL | ||
| 008 | 140319s9999 xx 000 0 ara d | ||
| 040 |
_aGCL / _cGCL |
||
| 082 | 0 | 4 |
_a205.2 _bس ع |
| 100 | 1 | _aمحمود عكوش | |
| 245 | 1 | 0 |
_aالعلوم الفلكية فى القران الكريم / _cمحمود عكوش |
| 700 | 1 | _aمصطفى طلاس | |
| 700 | 1 | _aسيد وقار احمد حسينى | |
| 700 | 1 | _aمحمود عكام | |
| 700 | 1 | _aسمية زيتونى | |
| 700 | 1 | _aعبدالباسط ابراهيم | |
| 300 | _a144 ص | ||
| 490 |
_aالهيئة العامة للاستعلامات _v0 |
||
| 650 | 0 | 4 | _aالفلك |
| 650 | 0 | 4 | _aالدين |
| 650 | 0 | 4 | _aالدين والفلسفة |
| 650 | 0 | 4 | _aالدين والفلك |
| 650 | 0 | 4 | _aالقران |
| 650 | 0 | 4 | _aديانات |
| 942 |
_2ddc _cBK |
||
| 999 |
_c49115 _d49115 |
||